000
00230 a2200097 4500
000
nam a22 7a 4500
020
_a
9780718157845
100
_a
Moyes, Jojo
245
_a
The girl you left behind
260
_b
Penguin Books,
_c
2012.
999
_c
85484
_d
85484